| 000 | 01595nam a2200385 c 4500 | ||
|---|---|---|---|
| 003 | BLK | ||
| 005 | 20250412112828.0 | ||
| 008 | 180411b bul|||||r ||||||| ||bul|| | ||
| 010 | _aKNG00181737000 | ||
| 020 |
_a978-954-730-909-8 _bиздат.: Сиби |
||
| 040 | _aBLK | ||
| 041 |
_aBUL _cBUL |
||
| 072 | 7 |
_2bullib _aН34 _xПраво Н |
|
| 080 |
_aСъдопроизводство (Съдебна процедура). Съдоустройство (Организация на съдилищата и прокуратурата). Вж и 343. 1;344;348 _b347.9 _x(497.2)(091) _z347.9(497.2)(091) |
||
| 100 | 1 |
_aПенев, Пенчо Стоянов _eпърви автор _9270449 |
|
| 139 |
_aПенев, Пенчо Стоянов _bП 34 |
||
| 245 | 1 | 0 |
_aСъдебната власт в България 1989 - 2014 г. _bПроблеми на съвр. дискурс _cПенчо Стоянов Пенев. |
| 257 | _aBGR | ||
| 260 |
_аСофия _bСиби _c2014 _fСофия : Симолини |
||
| 300 |
_a256 с. _c22 см |
||
| 380 | _a3 | ||
| 650 | 4 |
_aСъд и съдоустройство - България _9273511 |
|
| 651 | 4 |
_aБългария _9241624 |
|
| 653 | _aсъдебна власт | ||
| 653 | _aправосъдие | ||
| 653 | _aконституционно право | ||
| 653 | _aистория | ||
| 659 | _aН | ||
| 852 | _aЦб 276764 | ||
| 856 | 4 |
_qpdf _u |
|
| 856 | 4 |
_qpdf _u |
|
| 942 |
_cKNG _n0 _03 |
||
| 944 |
_aCR _c14.09.2015 _k30546 _lРенета Константинова |
||
| 944 |
_aED _c29.01.2016 _kВиолета_Тройчева |
||
| 999 |
_c173345 _d173345 |
||